000 00700nam a2200217 a 4500
999 _c3002
_d3002
001 3002
003 BD-JhCC
005 20171109085657.0
008 171109s1982 bg |||| |||| 001 0 ben d
035 _a(BD-JhCC) 3002
040 _aBD-JhCC
_dBD-JhCC
041 _aben
082 _a891.4409
_bJAL 1982
100 _aজলিল, শেখ আবদুল
245 _aস্বদেশ আমার স্বজন আমার /
_cশেখ আবদুল জলিল
260 _aজামালপুর :
_bমুক্তচিন্তা,
_c১৯৮২.
300 _a১০০ পৃ. :
_c২১ সেমি.
650 _aBengali literature
942 _2ddc
_cBK